000 00298nam a22001217a 4500
999 _c12908
_d12908
008 211227b ||||| |||| 00| 0 eng d
110 _95185
_aHMSO
245 1 0 _aSurvey of life saving appliances, Vol. 2
260 _aLondon:
_bHMSO,
_cc
300 _ax
650 0 _aMarine Engineering
942 _cBK